Disputatio juridica inauguralis, de officiis, quae parentes liberis, liberique vicissim parentibus debent. Quam duce et auspice Deo ter opt. max. ex auctoritate magnifici rectoris, Francisci Burmanni, s. s. theologiae doctoris & professoris ordinarii: necnon amplissimi senatus academici consensu, et noblissimae Facultatis Juridicae decreto, pro gradu doctoratus summisque in utroque jure honoribus, & privilegiis rite ac legitime consequendis, eruditorum examini submittit Petrus Wentholt, Zutphania Gelrus. Ad diem 16 junii, H. L. Q. S.

Detalles Bibliográficos
Autor principal: Wentholt, Petrus
Otros Autores: Zutphania Gelrus, coaut
Formato: Libro
Lenguaje:Latin
Publicado: Trajecti ad Rhenum : ex officina Joannis Broedelet, Academiae Typographi, 1746.
Materias:
Colección:Banco de datos
Acervo:Fondo Bibliográfico Antiguo Víctor Manuel Castillo de la Universidad de Ciencias y Artes de Chiapas
Descripción Física:[1] h., 17 p., [1] h. ; 4°
Tema general:Derecho civil
Notas:Portada tipográfica con pleca y grabado central calcográfico. Texto a renglón seguido. Incluye cabecera de título en grabado xilográfico. Incluye capitular floreada en grabado xilográfico
LEADER 01352nam a22001930004500
035 |a 337 
041 0 |a lat 
100 1 |a Wentholt, Petrus 
245 1 0 |a Disputatio juridica inauguralis, de officiis, quae parentes liberis, liberique vicissim parentibus debent. Quam duce et auspice Deo ter opt. max. ex auctoritate magnifici rectoris, Francisci Burmanni, s. s. theologiae doctoris & professoris ordinarii: necnon amplissimi senatus academici consensu, et noblissimae Facultatis Juridicae decreto, pro gradu doctoratus summisque in utroque jure honoribus, & privilegiis rite ac legitime consequendis, eruditorum examini submittit Petrus Wentholt, Zutphania Gelrus. Ad diem 16 junii, H. L. Q. S.  
260 |a Trajecti ad Rhenum : ex officina Joannis Broedelet, Academiae Typographi, 1746.  
300 |a [1] h., 17 p., [1] h. ; 4° 
500 |a Portada tipográfica con pleca y grabado central calcográfico. Texto a renglón seguido. Incluye cabecera de título en grabado xilográfico. Incluye capitular floreada en grabado xilográfico 
501 |a 14 obras 
650 1 0 |a Derecho civil 
700 1 |a Zutphania Gelrus, coaut. 
949 |a UNICACH, Colección de Víctor Manuel Castillo: 01802-C 
942 |c CHIACASTI 
943 |g Fondo Bibliográfico Antiguo Víctor Manuel Castillo de la Universidad de Ciencias y Artes de Chiapas 
999 |c 1098633  |d 1098633